| 000 | 00739nam a22002417a 4500 | ||
|---|---|---|---|
| 003 | OSt | ||
| 005 | 20140310181926.0 | ||
| 008 | 130720t xxu||||| |||| 00| 0 eng d | ||
| 020 | _a0153300892 | ||
| 050 |
_aPE 1119 _b.H257 1989 |
||
| 082 |
_aTRE 372.4 _bH21fr 1989 |
||
| 110 |
_aHarcourt Brace Jovanich _92389 |
||
| 245 |
_aFanfares. Level 9 : _bstudy book. reading activities / _cHarcourt Brace Jovanich |
||
| 260 |
_aOrlando : _bHarcourt Brace Jovanovich, Publishers, _cc1989. |
||
| 300 |
_a126 p. _bcol. : ill. ; _c28 cm. |
||
| 521 | _aFaculty | ||
| 541 | _j1 | ||
| 541 | _j2 | ||
| 541 | _j3 | ||
| 562 | _e3 | ||
| 650 |
_aReading comprehension _xProblems, exercises, etc. _92390 |
||
| 942 |
_2lcc _cBK-TR _kTRE |
||
| 999 |
_c7185 _d7185 |
||